000 00467nam a22001697a 4500
005 20251108164203.0
008 250721s1994 xx 000 0 ara d
082 1 4 _a215.15/محم
100 1 _aالجليند، محمد السيد
245 1 0 _aمنهج السلف بين العقل و التقليد /
264 1 _aالدوحه :
_c1994.
300 _a143ص.
650 1 7 _aالسلفية
650 1 7 _aعلم الكلام
942 _2ddc
_cBK
999 _c5869
_d5869